Академия наук СССР. Сибирское отделение/ Хроника, 1957-1982 гг.

Bibliografische gegevens
Andere auteurs: Соскин В. Л. Варлен Львович (составитель)
Taal:Russisch
Gepubliceerd in: Новосибирск, Наука, 1982
Onderwerpen:
Formaat: Boek
KOHA link:https://koha.lib.tpu.ru/cgi-bin/koha/opac-detail.pl?biblionumber=314476

MARC

LEADER 00000nam0a2200000 4500
001 314476
005 20231102002700.0
020 |a RU  |b 82-44501 
035 |a (RuTPU)RU\TPU\book\339897 
090 |a 314476 
100 |a 20160216d1982 km y0rusy5003 ca 
101 0 |a rus 
102 |a RU 
105 |a y z 001zy 
200 1 |a Академия наук СССР. Сибирское отделение/ Хроника, 1957-1982 гг.  |f сост. В. Л. Соскин 
210 |a Новосибирск  |c Наука  |d 1982 
215 |a 337 с. 
320 |a Указатели: с. 333-336 
606 1 |a Академия наук СССР  |x СО АН СССР  |2 stltpush  |3 (RuTPU)RU\TPU\subj\1609  |9 30349 
610 1 |a история 
610 1 |a хроника событий 
610 1 |a 20 век 
610 1 |a академическая наука 
610 1 |a академические институты 
610 1 |a Сибирь 
686 |a Ч214(2)71  |2 rubbk 
702 1 |a Соскин  |b В. Л.  |g Варлен Львович  |4 220 
801 0 |a RU  |b RuMRKP  |c 19950704  |g psbo 
801 1 |a RU  |b 63413507  |c 20160216 
801 2 |a RU  |b 63413507  |c 20191210  |g RCR 
942 |c BK